000 00489nam a2200181Ia 4500
001 3820
005 20260306145711.0
008 260306t2018||||xx |||||||||||||| ||spa||
041 _aESP
082 _a303.4834
_bT18
100 _aTamames, Rafael
_eAUT
245 0 _a¿Qué robot se ha llevado mi queso?:
_bbuscando respuestas en el laberinto de la automatización
260 _c2018
300 _a190 páginas :
_c21 cm.
650 _aGEN
654 _aCHU
942 _cLIB
_dJUS
_fJUS
_2ddc
_n
999 _c3820
_d3820